000 00608nam a2200169 a 4500
008 150520s2004 ||||||||||||||||| || u
020 _a9780750664325
050 _aTJ 212.2 Ins
100 _aBolton, W
245 1 0 _aInstrumentation and control systems
_cby W. Bolton
260 _aAmsterdam
_bNewnes
_c2004
300 _axi, 339p.: ill.
350 _a51.95
650 _aENGINEERING INSTRUMENTS -- CONGRESS
650 0 _aAUTOMATIC CONTROL
995 _FCBU-MAIN LIBRARY (Kitwe)
_I51.95
_M1
_UAVAILABLE
_WAug 25, 2015
_ZMain Library Open Access Collection
999 _c47103
_d47103